| 000 | 00880nac a22002171u 4500 | ||
|---|---|---|---|
| 010 | _a97013301 | ||
| 020 | _a0070535485 (acid-free paper) | ||
| 082 | 0 | 0 |
_a006.6 _bR7241 |
| 090 |
_c594 _d594 |
||
| 100 | _aRogers, David F., | ||
| 245 | 1 | 0 |
_aProcedural elements for computer graphics / _cDavid F. Rogers. |
| 250 | _a2nd ed. | ||
| 260 |
_aNew Delhi : _bMcGraw-Hill, _cc2003. |
||
| 300 |
_axix, 711 p. : _bill. ; _c25 cm. |
||
| 504 | _aIncludes bibliographical references (p. 659-693) and index. | ||
| 650 | 0 | _aComputer graphics. | |
| 856 | 4 | 2 |
_3Publisher description _uhttp://www.loc.gov/catdir/description/mh023/97013301.html |
| 856 | 4 | 2 |
_3Table of contents _uhttp://www.loc.gov/catdir/toc/mh022/97013301.html |
| 942 |
_cBB _k006.6R7241 |
||
| 999 |
_c594 _d594 |
||